BIBLIOTECA PODER JUDICIAL
Portal Judicial TDF

El delito de insolvencia fraudulenta / (Registro nro. 2654)

000 -LEADER
fixed length control field 00725nam a22002657a 4500
001 - CONTROL NUMBER
control field
003 - CONTROL NUMBER IDENTIFIER
control field OSt
005 - DATE AND TIME OF LATEST TRANSACTION
control field 20190426070845.0
007 - PHYSICAL DESCRIPTION FIXED FIELD--GENERAL INFORMATION
fixed length control field
008 - FIXED-LENGTH DATA ELEMENTS--GENERAL INFORMATION
fixed length control field 180913b xxu||||| |||| 00| 0 spa d
010 ## - LIBRARY OF CONGRESS CONTROL NUMBER
LC control number
015 ## - NATIONAL BIBLIOGRAPHY NUMBER
Source
National bibliography number
Qualifying information
016 ## - NATIONAL BIBLIOGRAPHIC AGENCY CONTROL NUMBER
Record control number
027 ## - STANDARD TECHNICAL REPORT NUMBER
Qualifying information
040 ## - CATALOGING SOURCE
Transcribing agency PJ
100 ## - ASIENTO PRINCIPAL - NOMBRE DE PERSONA
9 (RLIN) 2746
Personal name Moras Mom, Jorge R.
245 13 - MENCIÓN DE TÍTULO
Título propiamente dicho El delito de insolvencia fraudulenta /
Mención de responsabilidad, etc Jorge R. Moras Mom.
260 ## - PUBLICATION, DISTRIBUTION, ETC. (IMPRINT)
Place of publication, distribution, etc Buenos Aires :
Name of publisher, distributor, etc Abeledo - Perrot,
Date of publication, distribution, etc 1975.
300 ## - DESCRIPCION FISICA
Extent 135 p.
Dimensions 20 cm
650 #0 - ASIENTO SECUNDARIO DE MATERIA - TERMINO TEMATICO
9 (RLIN) 343
Topical term or geographic name as entry element DERECHO PENAL
650 #0 - ASIENTO SECUNDARIO DE MATERIA - TERMINO TEMATICO
9 (RLIN) 344
Topical term or geographic name as entry element DELITOS CONTRA LA PROPIEDAD
650 #0 - ASIENTO SECUNDARIO DE MATERIA - TERMINO TEMATICO
9 (RLIN) 4031
Topical term or geographic name as entry element QUEBRADOS Y OTROS DEUDORES PUNIBLES
650 #0 - ASIENTO SECUNDARIO DE MATERIA - TERMINO TEMATICO
9 (RLIN) 4033
Topical term or geographic name as entry element INSOLVENCIA FRAUDULENTA
942 ## - ADDED ENTRY ELEMENTS (KOHA)
Source of classification or shelving scheme
Koha item type Libros
Classification part 343.537
Item part MOR
Existencias
Withdrawn status Lost status Source of classification or shelving scheme Damaged status Not for loan Permanent Location Current Location Date acquired Full call number Barcode Date last seen Price effective from Koha item type
          Biblioteca Poder Judicial Sur Biblioteca Poder Judicial Sur 2019-04-26 343.537 MOR 0154 2019-04-26 2019-04-26 Libros

12 de Octubre 789 Ushuaia - Tel:  54(02901)441571
Horario de Atención: 8.00 a 17.00 hs. 
bibliotecaush@justierradelfuego.gov.ar
koha@justierradelfuego.gov.ar
Seguinos en nuestras redes @bibliojustdf 

Con tecnología Koha